A cry in the wilderness : (Record no. 3563)

MARC details
000 -LEADER
fixed length control field 00927cam a2200289Ja 4500
001 - CONTROL NUMBER
control field 214563
003 - CONTROL NUMBER IDENTIFIER
control field GBCCL
005 - DATE AND TIME OF LATEST TRANSACTION
control field 20241126110457.0
008 - FIXED-LENGTH DATA ELEMENTS--GENERAL INFORMATION
fixed length control field 930305s1993 tnu 000 0 eng
010 ## -
-- 93000888
020 ## - INTERNATIONAL STANDARD BOOK NUMBER
International Standard Book Number 0917143140
020 ## - INTERNATIONAL STANDARD BOOK NUMBER
International Standard Book Number 9780917143144
035 ## - SYSTEM CONTROL NUMBER
System control number (OCoLC)ocm27812838
035 ## - SYSTEM CONTROL NUMBER
System control number (OCoLC)27812838
040 ## - CATALOGING SOURCE
Original cataloging agency DLC
Transcribing agency DLC
Modifying agency BAKER
-- BTCTA
-- OCLCG
-- OCLCA
-- OCLCQ
-- LBB
049 ## -
-- LBBK
050 10 -
-- BV4501.2
-- .G74515 1993
082 00 - DEWEY DECIMAL CLASSIFICATION NUMBER
Classification number 248.4
Edition information 20
Item number GRE
090 ## - LOCALLY ASSIGNED LC-TYPE CALL NUMBER (OCLC); LOCAL CALL NUMBER (RLIN)
Classification number (OCLC) (R) ; Classification number, CALL (RLIN) (NR) BV4501.2
Local cutter number (OCLC) ; Book number/undivided call number, CALL (RLIN) .G74515 1993
100 1# - MAIN ENTRY--PERSONAL NAME
Personal name Green, Keith,
Dates associated with a name 1953-1982.
9 (RLIN) 7119
245 12 - TITLE STATEMENT
Title A cry in the wilderness :
Remainder of title twelve bold messages about uncompromising faith /
Statement of responsibility, etc. Keith Green ; introduction by Melody Green Sievright.
260 ## - PUBLICATION, DISTRIBUTION, ETC.
Place of publication, distribution, etc. Nashville, Tenn. :
Name of publisher, distributor, etc. Sparrow Press,
Date of publication, distribution, etc. 1993.
300 ## - PHYSICAL DESCRIPTION
Extent 250 p. ;
Dimensions 21 cm.
520 ## - SUMMARY, ETC.
Summary, etc. Christian Library of Lancaster Collection.
650 #0 - SUBJECT ADDED ENTRY--TOPICAL TERM
Topical term or geographic name entry element Christian life.
9 (RLIN) 183
942 ## - ADDED ENTRY ELEMENTS (KOHA)
Source of classification or shelving scheme Dewey Decimal Classification
Koha item type Books
Holdings
Withdrawn status Lost status Source of classification or shelving scheme Damaged status Not for loan Home library Current Library Shelving location Date acquired Total checkouts Full call number Barcode Date last seen Copy number Price effective from Koha item type
    Dewey Decimal Classification     GRACE BIBLE COLLEGE GRACE BIBLE COLLEGE Ministry & Mission 2017-11-29   248.4 GRE 008578 2025-05-01 c.1 2017-11-29 Books
© Grace Bible College Library 2025